000 00310pam a2200133 a 4500
020 _c
041 _h
082 _a743.028
_bHAR
100 _aHazel Harrison.
245 _aArt School How to paint & Draw
_hTextual Documents
260 _a[s.l]:
_bAnness,
_c2010.
300 _a256:
_bpaper.
930 _a6228
999 _c240018
_d240018